| 000 | 00582nam a22002057a 4500 | ||
|---|---|---|---|
| 005 | 20230623134154.0 | ||
| 008 | 230623b ||||| |||| 00| 0 eng d | ||
| 020 | _a0070055793 | ||
| 040 | _cAL | ||
| 041 | _aeng | ||
| 082 |
_223 _a658.4 _bBITM |
||
| 100 |
_aLester R Bittel _9124667 |
||
| 245 | _aMcGraw Hill Thirty Six Hour Management Course | ||
| 260 |
_aNew York _bMcGraw Hill Publishing Company _c1989 |
||
| 300 |
_axi,532p. _bPB _c22x15cm. |
||
| 365 | _2Management | ||
| 650 |
_aManagement Case Studies _9124665 |
||
| 700 |
_aBITTEL (Lester R) _9124666 |
||
| 942 |
_2ddc _cDB |
||
| 999 |
_c227627 _d227627 |
||